000 01940nam a22003017a 4500
005 20111103163218.0
010 _aENG-104024 B-459179-183
020 _a9788124116333
_c495.00
035 _aEN-87557 B-459179-183
037 _bDBAD/PUB
037 _bAllied Pub/Ven
082 _a863.092
100 _aMoulik, Achala
_947346
245 _aRabindranath Tagore :
_cby Achala Moulik
_ba man for all times /
260 _aNew Delhi
_bHar-Anand Publications
_c2011
270 _aE-49/3, Okhla Industrial Area, Phase-II
_bNew Delhi
_e110020
300 _a192p.
_c22cm (Hb)
500 _aIncludes bibliographical references and index
700 _935668
942 _2ddc
_cEN
_h863.092
_mTAG
999 _c58082
_d58082